Statystyki dla Stolice świata z literą „G”

Kliknij tutaj aby rozwiązać quiz!

Ogólne statystyki

  • Ten quiz został rozwiązany 141 razy
  • Średni wynik to 24 z 34

Statystyki odpowiedzi

Stolica% Poprawnych
Waszyngton, D.C
85%
Bagdad
82%
Belgrad
81%
Ryga
81%
Wellington
81%
Zagrzeb
81%
Bangkok
79%
Bogota
79%
Gwatemala
79%
Luksemburg
79%
Pjongjang
79%
Gaborone
78%
Praga
78%
Georgetown
75%
Santiago
75%
Algier
74%
Gitega
72%
Kingston
72%
Kingstown
72%
Mogadiszu
71%
Podgorica
71%
Kopenhaga
69%
Managua
69%
Santo Domingo
69%
Wagadugu
69%
Singapur
68%
Kigali
66%
Tegucigalpa
62%
Bridgetown
57%
Ngerulmud
56%
Bangi
54%
Lilongwe
54%
Bandar Seri
Begawan
53%
Saint George's
51%

Rozkład punktacji

Percentyl według liczby udzielonych odpowiedzi

Procent ludzi z każdym wynikiem

Twoja historia wyników

Nie rozwiązałeś tego quizu